000 00945nam a22002297a 4500
999 _c62444
_d62444
005 20241104111257.0
008 241104s2007 enk||||| |||| 00| 0 eng d
020 _a9780521603652x
041 _aeng
080 _a575 P-92
245 _aPrimer of Genetic Analysis:
_b A Problems Approach /
_cJames N. Thompson Jr, Jenna J. Hellack, Gerald Braver, David S. Durica.
250 _a3rd Edition
264 _aCambridge :
_bCambridge University Press,
_c2007.
300 _a312 p.;
_bill.;
_c26 cm.
653 _aგენეტიკური ანალიზის პრაიმერი
653 _aგენეტიკა
700 _aThompson Jr., James N.
_eრედაქტორი
_923604
700 _aHellack, Jenna J.
_eრედაქტორი
_923605
700 _aBraver, Gerald
_eრედაქტორი
_923606
700 _aDurica, , David S.
_eრედაქტორი
_923607
942 _2udc
_cᲬᲘᲒᲜᲘ